你能根据外文名猜崩铁角色吗?(截至2.3版本)(二) - Statistics

General Stats
  • This quiz has been taken 15 times
  • The average score is 20 of 76
Answer Stats
Hint Answer % Correct
Topaz y Conti 托帕&账账
70%
DrRatio 真理医生
50%
Topaz et Compti 托帕&账账
50%
Галлахер 加拉赫
40%
Март7 三月七
40%
Наташа 娜塔莎
40%
Сервал 希露瓦
40%
Dr.Wahrheit 真理医生
40%
7.März 三月七
40%
Silberwolf 银狼
40%
Topaz&Kontie 托帕&账账
40%
Арлан 阿兰
30%
Аста 艾丝妲
30%
Байлу 白露
30%
Блэйд
30%
Бутхилл 波提欧
30%
Броня 布洛妮娅
30%
Клара 克拉拉
30%
ДаньХэн 丹恒
30%
ДокторРацио 真理医生
30%
ФуСюань 符玄
30%
Гепард 杰帕德
30%
Гуйнайфэн 桂乃芬
30%
Ханья 寒鸦
30%
Химеко 姬子
30%
Хук 虎克
30%
Хохо 藿藿
30%
Цзинлю 镜流
30%
Лука 卢卡
30%
Миша 米沙
30%
Пела 佩拉
30%
Сампо 桑博
30%
Сушан 素裳
30%
Топаз и Счетовод 托帕&账账
30%
Вельт 瓦尔特
30%
Яньцин 彦卿
30%
Юйкун 驭空
30%
Cygne noir 黑天鹅
30%
LeFossoyeur 波提欧
30%
7deMarço 三月七
30%
Topaz e Dinheirinho 托帕&账账
30%
Ахерон 黄泉
20%
Аргенти 银枝
20%
Герта 黑塔
20%
ПожирательЛуны 饮月
20%
Кафка 卡芙卡
20%
Лоча 罗刹
20%
Цинцюэ 青雀
20%
ЖуаньМэй 阮梅
20%
Зеле 希儿
20%
СеребряныйВолк 银狼
20%
Искорка 花火
20%
Тинъюнь 停云
20%
Сюэи 雪衣
20%
Louve d'argent 银狼
20%
Aventurin 砂金
20%
SchwarzerSchwan 黑天鹅
20%
Glühwürmchen 流萤
20%
Aventurino 砂金
20%
CisneNegro 黑天鹅
20%
Luciérnaga 流萤
20%
Siete de Marzo 三月七
20%
LobaPrateada 银狼
20%
Авантюрин 砂金
10%
ЧёрныйЛебедь 黑天鹅
10%
Светлячок 流萤
10%
ЦзинЮань 景元
10%
Рысь 玲可
10%
Зарянка 知更鸟
10%
Achéron 黄泉
10%
Luciole 流萤
10%
Vaga-lume 流萤
10%
EmbebidorLunae 饮月
10%
ง้าวยลงันทรา 饮月
10%
ẨmNguyệt 饮月
10%
SóiBạc 银狼
10%
No matching quizzes found
Score Distribution
Percent of People with Each Score
Percentile by Number Answered
Your Score History
You have not taken this quiz